000 01162nam a22002657a 4500
005 20170124103057.0
010 _aA-648299
020 _c40.00
035 _aA-648299
037 _bCen Lib/Ret
040 _aDPL
_bHN
082 _a
_bदेवग्र
245 _aशिक्षा जगत की लघुकथाएं /
_cसंपादक रूपदेवगुण [एवं ]अनिल शुर आजाद
246 _aShiksha jagat ki laghukathayen
_bsampadak Rupdevgun [evam] Anil Shur Azad
260 _aनई दिल्ली
_bअयन प्रकाशन
_c1993
270 _a1/20, महरौली
_bनई दिल्ली
_e110030
300 _a99पृष्ठ.
_c17सेमी(सजिल्द )
650 _aहिंदी साहित्य
_9143226
650 _aहिंदी शिक्षाप्रद कहानी
_944854
650 _aHindi Literature
_9143227
650 _aHindi instructive story
_975156
700 _aरूपदेवगुण
_9143228
700 _aआजाद , अनिल शुर
_96710
942 _2ddc
_cHN
_h
_mशिक्षा
999 _c117530
_d117530